The Johns Hopkins Hospital 2000-2001 guide to medical care of patients with HIV infection /

Bibliographic Details
Main Author: Bartlett, John G.
Corporate Author: Johns Hopkins Hospital
Format: Book
Language:English
Published: Philadelphia : Lippincott, Williams & Wilkins, 2000.
Edition:Ninth edition.
Subjects:

MARC

Tag First Indicator Second Indicator Subfields
LEADER 00000cam a2200000 a 4500
001 in00004491513
005 20191203081849.0
008 000804s2000 paua 001 0 eng d
015 |a GBA0-53476 
019 |a 44725762 
020 |a 0781723426 
035 |a (OCoLC)ocm44787126 
035 |z (UtOrBLW)28729 
035 |a 43174 
040 |a NLM  |c NLM  |d UKM  |d CYB  |d COU  |d UtOrBLW 
042 |a nlmcopyc 
049 |a TMVM  |c 1 
060 0 0 |a WC 503.2  |b B289j 2000 
069 0 |a 100963963 
082 0 4 |a 616.9792  |2 21 
100 1 |a Bartlett, John G. 
245 1 4 |a The Johns Hopkins Hospital 2000-2001 guide to medical care of patients with HIV infection /  |c John G. Bartlett. 
246 1 8 |a JHH 2000-2001 guide to medical care of patients with HIV infection 
246 1 7 |a JHH 2000 guide to medical care of HIV patients 
246 3 |a Johns Hopkins Hospital guide to medical care of patients with HIV infection 
246 3 0 |a Guide to medical care of patients with HIV infection 
246 3 0 |a Medical care of patients with HIV infection 
250 |a Ninth edition. 
264 1 |a Philadelphia :  |b Lippincott, Williams & Wilkins,  |c 2000. 
300 |a xii, 254 pages :  |b illustrations ;  |c 18 cm. 
336 |a text  |2 rdacontent  |b txt 
337 |a unmediated  |2 rdamedia 
338 |a volume  |2 rdacarrier  |b nc 
500 |a Includes index. 
505 0 |a HIV serology -- Epidemiology -- Classification and natural history -- Patient evaluation -- Initial evaluation -- Resources for providers and patients -- Role of pets, food, travel, and occupation -- Most common presentations -- Laboratory testing -- Prevention: opportunistic infections -- Antiretroviral therapy -- Management of HIV-infected patients -- Recommendations for antiretroviral therapy in pregnancy -- Post-exposure prophylaxis for health care workers -- Antiretroviral agents -- Management of complications -- Management of HIV-associated complications -- Treatment of miscellaneous and noninfectious disease complications classified by organ system -- Drugs used for HIV-infected patients -- Cost of drugs commonly used in patients with HIV infection -- Adverse reactions to antimicrobial agents commonly used in patients with HIV infection -- Drug interactions -- Financial assistance programs -- Major complications of HIV infections / Central nervous system infection -- Pulmonary infection: differential diagnosis -- Oral lesions: differential diagnosis -- Dysphagia/odynophagia: differential diagnosis -- Diarrhea: differential diagnosis -- Dermatologic complications: differential diagnosis. 
650 2 |a HIV Infections  |x therapy. 
650 2 |a Acquired Immunodeficiency Syndrome  |x therapy. 
650 2 |a Clinical Protocols  |x standards. 
710 2 |a Johns Hopkins Hospital. 
994 |a E0  |b TMV 
999 |a MARS 
999 f f |s 63557e12-5829-3f83-bf85-e45fdfb01da0  |i 370652c4-2d5c-391c-8571-8bc60db7209a  |t 0 
952 f f |p ric  |a Texas A&M University  |b Rellis Campus  |c Joint Library Facility  |d Remote Storage  |t 0  |e WC 503.2 B289j 2000  |h National Library of Medicine classification  |i unmediated -- volume  |m 3238901664548 
998 f f |a WC 503.2 B289j 2000  |t 0  |l Remote Storage